Liberalizace cen a cesta k trhu.
Názor, že účinnou cestou k dobre fungujúcej trhovej ekonomike je postupné uvoľňovanie cien. Šoková terapia, jednorazové uvoľnenie cien zahraničného obchodu a zavedenie vnútornej konvertibility koruny nezabezpečuje ani efektívnosť, ani sociálnu spravodlivosť ani stabilitu. Negatívne dôsledky neúmerne...
Salvato in:
| Autore principale: | |
|---|---|
| Natura: | Capitolo di libro |
| Lingua: | ceco |
| Soggetti: | |
| Tags: |
Nessun Tag, puoi essere il primo ad aggiungerne!!
|
MARC
| LEADER | 00000naa a2200000 4500 | ||
|---|---|---|---|
| 001 | r006595 | ||
| 005 | 20221125080929.2 | ||
| 041 | 0 | |a cze | |
| 044 | |a [CS] | ||
| 245 | 1 | 0 | |a Liberalizace cen a cesta k trhu. |c J. Seják |
| 520 | |a Názor, že účinnou cestou k dobre fungujúcej trhovej ekonomike je postupné uvoľňovanie cien. Šoková terapia, jednorazové uvoľnenie cien zahraničného obchodu a zavedenie vnútornej konvertibility koruny nezabezpečuje ani efektívnosť, ani sociálnu spravodlivosť ani stabilitu. Negatívne dôsledky neúmernej devalvácie koruny. Reštriktívna menová a úverová politika nevytvára predpoklady pre najľahšiu formu transformácie cestou vytvárania zamestnaneckých vlastníckych podielov. | ||
| 610 | 2 | 0 | |a ceny |
| 610 | 2 | 0 | |a obchod zahraničný |
| 610 | 2 | 0 | |a konvertibilita |
| 610 | 2 | 0 | |a ČSFR |
| 610 | 2 | 0 | |a devalvácia |
| 610 | 2 | 0 | |a politika menová |
| 610 | 2 | 0 | |a politika úverová |
| 610 | 2 | 0 | |a vlastníctvo |
| 610 | 2 | 0 | |a akcie |
| 100 | 1 | |a Seják, Josef | |